American Presidents Term Dates - Statistics

General Stats
  • This quiz has been taken 30 times
  • The average score is 36 of 45
Answer Stats
Hint Answer % Correct
George Washington 1789-1797
100%
John Adams 1797-1801
94%
Thomas Jefferson 1801-1809
89%
James Madison 1809-1817
89%
James Monroe 1817-1825
83%
John Quincy Adams 1825-1829
83%
Andrew Jackson 1829-1837
83%
Martin Van Buren 1837-1841
83%
John Tyler 1841-1845
83%
William Henry Harrison 1841-1841
78%
James K. Polk 1845-1849
78%
Zachary Taylor 1849-1850
78%
Millard Fillmore 1850-1853
78%
Franklin Pierce 1853-1857
78%
James Buchanan 1857-1861
78%
Abraham Lincoln 1861-1865
78%
Andrew Johnson 1865-1869
78%
Ulysses S. Grant 1869-1877
78%
Rutherford B. Hayes 1877-1881
78%
James A. Garfield 1881-1881
78%
Chester A. Arthur 1881-1885
78%
Grover Cleveland 1885-1889
78%
Benjamin Harrison 1889-1893
78%
Grover Cleveland 1893-1897
78%
William McKinley 1897-1901
78%
Theodore Roosevelt 1901-1909
78%
William H. Taft 1909-1913
78%
Woodrow Wilson 1913-1921
78%
Warren G. Harding 1921-1923
78%
Calvin Coolidge 1923-1929
78%
Herbert C. Hoover 1929-1933
78%
Franklin D. Roosevelt 1933-1945
78%
Harry S. Truman 1945-1953
78%
Dwight D. Eisenhower 1953-1961
78%
John F. Kennedy 1961-1963
78%
Lyndon B. Johnson 1963-1969
78%
Richard M. Nixon 1969-1974
78%
Gerald R. Ford 1974-1977
78%
Jimmy Carter 1977-1981
78%
Ronald Reagan 1981-1989
78%
George H.W. Bush 1989-1993
78%
George W. Bush 2001-2009
78%
Barack Obama 2009-2017
78%
Donald J. Trump 2017-2021
78%
William J. Clinton 1993-2001
78%
No matching quizzes found
Score Distribution
Percent of People with Each Score
Percentile by Number Answered
Your Score History
You have not taken this quiz